The Living Cell 1 - Statistics

General Stats
  • This quiz has been taken 8 times
    4 since last reset
  • The average score is 12 of 16
Answer Stats
Hint Answer % Correct
Outer limit of a plant cell Cell wall
100%
Convert light energy into relatively stable chemical energy via the photosynthetic process Chloroplast
100%
Packages of DNA and proteins that contain genes. Chromosomes
100%
Generate most of the chemical energy needed to power the cell's biochemical reactions Mitochondria
100%
Where the genetic material is Nucleus
100%
Cell structure involved in the cell division process Centrosome
67%
It commonly occupies the largest volume within the living cell Cytoplasm
67%
A network of membranous tubules within the cytoplasm involved in protein and lipid synthesis Endoplasmic reticulum
67%
It has a secretory function Golgi apparatus
67%
A membrane-bound cell organelle that contains digestive enzymes Lysosome
67%
Outer limit of an animal cell Membrane
67%
A small rounded body within a resting nucleus that contains RNA and proteins Nucleolus
67%
It is the site of protein synthesis Ribosome
67%
A space or vesicle within the cytoplasm of a cell, enclosed by a membrane. Vacuole
67%
For pulling chromatids to opposite ends of the cell during the cell division. Achromatic spindle
33%
Microscopic ducts for the secretion and transport of substances Microtubules
33%
No matching quizzes found
Score Distribution
Percent of People with Each Score
Percentile by Number Answered
Your Score History
You have not taken this quiz since the last reset